1879 1232 1815 1563 1769 1649 1958 1635 1724 1986 1889 1300 1035 1039 1044 1147 1598 1768 1852 1945 1619 1780 1245 1434 1630 1173 1302 1231 1968 1596 1829 1935 1123 1840 1032 1596 1377 1228 1791 1592 1081 1939 1237 1722 1439 1216 1060 1694 1853 1159 1317 1537 1130 1316 1426 1341 1672 1891 1448 1114 1930 1155 1481 1174 1382 1219 1088 1393 1520 1139 1616 1454 1759 1197 1958 1094 1642 1878 1099 1457 1386 1181 1432 1693 1282 1898 1312 1187 1696 1278 1696 1540 1623 1461 1470 1204 1594 1330 1959 BCNSPRNW ULIB Ver.6.0+V

เปลี่ยนเป็นภาษาไทย

Change to English
 แสดงรายละเอียดบรรณานุกรม
  กลับหน้าหลัก

Brief Record : Get Marc (ISO 2709) : E-mail record : QR code < ปิดหน้าต่าง
LEADER : 00000nam 2200000uu 4500
001    13399126414
003     ULIB
008    020711s2015 th a 000 0 eng d
020    ^a9780199361465
060    ^aWT145^bJ61G
100    ^aJimmie C. Holland, Talia Weiss Wiesel, Christian J. Nelson, Andrew J. Roth, and Yesne Alici
245    ^aGeriatric Psycho-Oncology: A Quick Reference on the Psychosocial Dimensions of Cancer Symptom Management
260    ^aNew York :^bOxford University Press,^c2015
300    ^a205 pages;^b19 cm
650    ^aAged-psychology
650    ^aMental Disorders-psychology
650    ^aNeoplasms-psychology
650    ^aPatients-psychology
945    ^p2465^l0^i004640
999    ^aประนอม เกษจรัล
รายการนี้ยังไม่มีแท็ก
คุณยังไม่ได้ล็อกอิน คุณสามารถมีกิจกรรมร่วมกับเว็บไซต์ได้ แต่ต้องล็อกอินก่อน ::
  ล็อกอิน

รายการสื่อสารสนเทศ

ลำดับที่ ประเภท เลขเรียก/บาร์โค้ด สถานที่ สถานะ
1. วิทยาศาสตร์การแพทย์ และสุขภาพ
หนังสือสำรอง
สถานะ=หนังสือสำรอง
WT145 J61G ฉ.1 
  Barcode: 004640
ห้องสมุดวิทยาเขตสวรรค์ประชารักษ์
►หนังสือทั่วไป
บนชั้น

รายการใกล้เคียง
    หัวเรื่อง [Aged-psychology]

BibComment


ยังไม่เคยถูกคอมเมนท์

คอมเมนท์ทรัพยากรรายการนี้
  คอมเมนท์: Geriatric Psycho..


 Copyright 2026. Bcnsprnw @Library